000 00350 a2200145 4500
001 154181
040 _cEscola São Tomás de Aquino
100 _aROSA, João Guimarães
240 1 0 _aManuelzão e Miguilim
_lpor
245 1 0 _aManuelzão e Miguilim
362 0 _a2001
440 1 _aNova Fronteira
697 _aLITERATURA BRASILEIRA
942 _cBK
999 _c154181
_d154181